| 000 | 00350nam a22001217a 4500 | ||
|---|---|---|---|
| 999 |
_c523873 _d523873 |
||
| 008 | 231011b ||||| |||| 00| 0 eng d | ||
| 100 |
_aVajpeyi, Ananya _940951 |
||
| 245 | _aObituary in memoriam: Kavita Singh ( 1964-2023) | ||
| 260 | _aSocial Scientist | ||
| 300 | _a51(7-8), Jul-Aug, 2023: p.93-96 | ||
| 773 | _aSocial Scientist | ||
| 942 | _cAR | ||